Countries ending in D - Statistics

General Stats
  • This quiz has been taken 1,150 times
  • The average score is 6 of 8
Answer Stats
Hint Answer % Correct
Europe Finland
85%
Europe Iceland
84%
Europe Ireland
81%
Africa Chad
80%
Oceania New Zealand
67%
Europe Poland
66%
Europe Switzerland
59%
Asia Thailand
54%
No matching quizzes found
Score Distribution
Percent of People with Each Score
Percentile by Number Answered
Your Score History
You have not taken this quiz